Album - Handwritten (Deluxe) by Shawn Mendes - Statistics

General Stats
  • This quiz has been taken 11 times
  • The average score is 13 of 16
Answer Stats
Songs % Correct
16 (ft. Camila Cabello) I Know What You Did Last Summer
100%
8 Aftertaste
88%
9 (ft. Astrid S) Air
88%
5 I Don't Even Know Your Name
88%
1 Life Of The Party
88%
3 Never Be Alone
88%
2 Stitches
88%
13 Bring It Back
75%
14 Imagination
75%
4 Kid In Love
75%
6 Something Big
75%
7 Strings
75%
12 This Is What It Takes
75%
11 A Little Too Much
63%
10 Crazy
63%
15 The Weight
63%
No matching quizzes found
Score Distribution
Percent of People with Each Score
Percentile by Number Answered
Your Score History
You have not taken this quiz